[Event "6. ODEM U25 2009"]
[Site "Willingen GER"]
[Date "2009.06.02"]
[Round "5"]
[White "Goldbeck, Daniel"]
[Black "Triantafillidis, Katherina"]
[Result "1-0"]
[Termination "normal"]
[Board "49"]
[WhiteElo "1391"]
[BlackElo "1221"]
[PlyCount "75"]
[WhiteFideId "1271850"]
[BlackFideId "24692409"]
[EventCountry "GER"]
[EventRounds "9"]
[EventType "swiss"]
[EventDate "2009.05.30"]

1. e4 e5 2. Nf3 Nc6 3. Bc4 Bc5 4. d3 h6 5. O-O Nf6 6. a3 d6 7. b4 Bb6 8. Bb3
O-O 9. h3 Re8 10. Bb2 Be6 11. c4 a5 12. Nbd2 axb4 13. axb4 Nxb4 14. Qe2 Nd7 15.
Bc3 Nc6 16. Kh1 Nc5 17. Bc2 Ne7 18. Nh4 Rf8 19. f4 exf4 20. Rxf4 Rxa1+ 21. Bxa1
Qd7 22. Qf3 c6 23. d4 Na6 24. d5 cxd5 25. exd5 Bxd5 26. cxd5 Ba5 27. Ne4 Qc7
28. Rg4 Ng6 29. Nf6+ Kh8 30. Rxg6 Qxc2 31. Rxh6+ gxh6 32. Ne4+ f6 33. Ng6+ Kg8
34. Nxf6+ Rxf6 35. Qxf6 Qc1+ 36. Kh2 Qc7 37. Ne7+ Kh7 38. Qg7# 1-0

[Event "6. ODEM U25 2009"]
[Site "Willingen GER"]
[Date "2009.06.02"]
[Round "5"]
[White "Marquardt, Annabelle"]
[Black "Batora, Manuel"]
[Result "1-0"]
[Termination "normal"]
[Board "50"]
[WhiteElo "1381"]
[BlackElo "900"]
[PlyCount "85"]
[WhiteFideId "12900125"]
[BlackFideId "12900230"]
[EventCountry "GER"]
[EventRounds "9"]
[EventType "swiss"]
[EventDate "2009.05.30"]

1. e4 Nf6 2. Nc3 d5 3. exd5 Nxd5 4. d4 Nc6 5. Nf3 Bg4 6. Be2 g6 7. h3 Be6 8.
O-O Bg7 9. Nxd5 Qxd5 10. c3 O-O 11. Bf4 Rac8 12. Qd2 Rfd8 13. Bh6 Bxh6 14. Qxh6
Qh5 15. Qxh5 gxh5 16. Ng5 Bf5 17. Bxh5 Rf8 18. Rfe1 f6 19. Ne6 Bxe6 20. Rxe6
Rcd8 21. Rd1 Rd6 22. Re3 Rd5 23. Bf3 Ra5 24. Rde1 Re8 25. a3 e5 26. dxe5 fxe5
27. Rd1 Rd8 28. Red3 Rxd3 29. Rxd3 Ra4 30. Bxc6 bxc6 31. Rd8+ Kg7 32. Rd7+ Kf6
33. Rxc7 Ra6 34. Rxh7 Rb6 35. Rxa7 Rxb2 36. Ra6 Kf5 37. Rxc6 Rb3 38. a4 Ra3 39.
Rc4 Ra1+ 40. Kh2 e4 41. h4 Rf1 42. Kg3 Rh1 43. a5 1-0

[Event "6. ODEM U25 2009"]
[Site "Willingen GER"]
[Date "2009.06.02"]
[Round "5"]
[White "Zeller, Lukas"]
[Black "Holle, Niklas"]
[Result "1/2-1/2"]
[Termination "normal"]
[Board "51"]
[WhiteElo "1338"]
[BlackElo "795"]
[PlyCount "84"]
[WhiteFideId "1271152"]
[EventCountry "GER"]
[EventRounds "9"]
[EventType "swiss"]
[EventDate "2009.05.30"]

1. e4 e5 2. Nf3 Nc6 3. Bb5 Bc5 4. O-O Nf6 5. d3 d6 6. Nc3 O-O 7. h3 a6 8. Ba4
b5 9. Bb3 Na5 10. Bg5 Nxb3 11. axb3 h6 12. Bh4 Be6 13. Qe2 c6 14. Ra2 d5 15.
exd5 cxd5 16. Qxe5 Nd7 17. Bxd8 Nxe5 18. Nxe5 Rfxd8 19. Nf3 Re8 20. Re1 d4 21.
Ne4 Bb4 22. Rc1 Bd5 23. Nxd4 Bxe4 24. dxe4 Rxe4 25. c3 Bc5 26. Nxb5 Rf4 27. Rc2
Rf6 28. b4 Bb6 29. Na3 Re8 30. Ra1 Kh7 31. Nc4 Ba7 32. Kf1 Kg6 33. b3 Kf5 34.
Ra5+ Ke4 35. Nd2+ Kd3 36. Rc1 Kxd2 37. Raa1 Re2 38. Ra2+ Kxc1 39. Rxe2 Kd1 40.
f3 Rc6 41. Re7 Bb6 42. Rxf7 Rxc3 1/2-1/2

[Event "6. ODEM U25 2009"]
[Site "Willingen GER"]
[Date "2009.06.02"]
[Round "5"]
[White "Michels, Till"]
[Black "Neumair, Dorian"]
[Result "0-1"]
[Termination "normal"]
[Board "53"]
[WhiteElo "968"]
[BlackElo "1340"]
[PlyCount "76"]
[EventCountry "GER"]
[EventRounds "9"]
[EventType "swiss"]
[EventDate "2009.05.30"]

1. e4 e5 2. Nf3 Nf6 3. Nxe5 Qe7 4. d4 d6 5. Bb5+ c6 6. b3 dxe5 7. Ba3 Qd8 8.
Bc4 Bxa3 9. dxe5 Qxd1+ 10. Kxd1 Nxe4 11. Re1 Nxf2+ 12. Kd2 Be7 13. e6 fxe6 14.
Bxe6 Bxe6 15. Rxe6 Kf7 16. Re5 Rf8 17. Nc3 Kg8 18. Rxe7 Na6 19. Ne4 Nxe4+ 20.
Rxe4 Rf2+ 21. Re2 Rxe2+ 22. Kxe2 Re8+ 23. Kd2 Nc5 24. Kc3 Re2 25. Rd1 h6 26.
Rd8+ Kh7 27. Rd7 Nxd7 28. g4 Rxh2 29. g5 h5 30. g6+ Kxg6 31. a4 h4 32. b4 h3
33. Kb3 Rxc2 34. b5 h2 35. bxc6 Rxc6 36. a5 h1=Q 37. a6 Qb1+ 38. Ka4 Rxa6# 0-1

[Event "6. ODEM U25 2009"]
[Site "Willingen GER"]
[Date "2009.06.02"]
[Round "5"]
[White "Weber, Yannik"]
[Black "Reksten, Lisa"]
[Result "1/2-1/2"]
[Termination "normal"]
[Board "54"]
[WhiteElo "1236"]
[BlackElo "1141"]
[PlyCount "112"]
[WhiteFideId "24692700"]
[EventCountry "GER"]
[EventRounds "9"]
[EventType "swiss"]
[EventDate "2009.05.30"]

1. d4 d5 2. c4 dxc4 3. Nc3 Nf6 4. e3 Bg4 5. f3 Bh5 6. Bxc4 e6 7. Nge2 Bb4 8.
Bd2 O-O 9. Qb3 Bxc3 10. Bxc3 b6 11. d5 exd5 12. Bxf6 Qxf6 13. Bxd5 c6 14. Be4
Bg6 15. Qc3 Qe6 16. Nd4 Qf6 17. Bxc6 Nxc6 18. Qxc6 Qxc6 19. Nxc6 Kh8 20. e4
Rfc8 21. Ne7 Rc2 22. Nxg6+ hxg6 23. O-O Rxb2 24. Rf2 Rxf2 25. Kxf2 Rc8 26. a3
Rc2+ 27. Kf1 Kh7 28. a4 Kh6 29. h4 Kh5 30. g3 g5 31. hxg5 Kxg5 32. Rd1 Ra2 33.
Rd5+ Kg6 34. Rd6+ f6 35. Rd4 a6 36. Rb4 a5 37. Rxb6 Rxa4 38. e5 Ra2 39. e6 Ra1+
40. Ke2 Ra2+ 41. Kf1 Rc2 42. Ra6 Rc7 43. Rxa5 Re7 44. f4 f5 45. Ra6 Kf6 46. Ra8
Rxe6 47. Rf8+ Kg6 48. Kg2 Rf6 49. Rxf6+ Kxf6 50. Kh3 Kg6 51. Kh4 Kh6 52. g4
fxg4 53. Kxg4 Kg6 54. f5+ Kf6 55. Kf4 g6 56. fxg6 Kxg6 1/2-1/2

[Event "6. ODEM U25 2009"]
[Site "Willingen GER"]
[Date "2009.06.02"]
[Round "5"]
[White "Kuckling, Linus"]
[Black "Polert, Jesper"]
[Result "1-0"]
[Termination "normal"]
[Board "55"]
[WhiteElo "1197"]
[BlackElo "779"]
[PlyCount "61"]
[WhiteFideId "24658243"]
[EventCountry "GER"]
[EventRounds "9"]
[EventType "swiss"]
[EventDate "2009.05.30"]

1. e4 c6 2. d4 d5 3. exd5 cxd5 4. c4 e6 5. Nc3 Nf6 6. Nf3 Bb4 7. Bd2 Nc6 8. Bd3
dxc4 9. Bxc4 Na5 10. Be2 Nc6 11. a3 Ba5 12. Be3 Ng4 13. Bg5 f6 14. Bf4 e5 15.
dxe5 Qxd1+ 16. Rxd1 fxe5 17. Bg3 O-O 18. h3 Nf6 19. O-O Nd7 20. Bb5 a6 21. Bxc6
bxc6 22. Bxe5 Rf5 23. Rfe1 Bb7 24. Rxd7 Bc8 25. Rxg7+ Kh8 26. Rg5+ Rxe5 27.
Nxe5 Be6 28. Nxc6 Bb6 29. Rxe6 Rf8 30. Ne4 h6 31. Rxh6# 1-0

[Event "6. ODEM U25 2009"]
[Site "Willingen GER"]
[Date "2009.06.02"]
[Round "5"]
[White "Eichstaedt, Ina"]
[Black "Kilic, Ahmet"]
[Result "1/2-1/2"]
[Termination "normal"]
[Board "56"]
[WhiteElo "887"]
[BlackElo "1166"]
[PlyCount "24"]
[WhiteFideId "1270265"]
[EventCountry "GER"]
[EventRounds "9"]
[EventType "swiss"]
[EventDate "2009.05.30"]

1. e4 c6 2. d4 d5 3. Nc3 g6 4. Nf3 Bg7 5. Bd3 Bg4 6. O-O Bxf3 7. Qxf3 Bxd4 8.
exd5 Bxc3 9. bxc3 cxd5 10. c4 Nf6 11. Bg5 dxc4 12. Bxc4 Nc6 1/2-1/2

[Event "6. ODEM U25 2009"]
[Site "Willingen GER"]
[Date "2009.06.03"]
[Round "6"]
[White "Zhou, Syang"]
[Black "Figura, Atila Gajo"]
[Result "0-1"]
[Termination "normal"]
[Board "1"]
[BlackTitle "FM"]
[WhiteElo "2090"]
[BlackElo "2417"]
[PlyCount "89"]
[WhiteFideId "24636126"]
[BlackFideId "4688058"]
[EventCountry "GER"]
[EventRounds "9"]
[EventType "swiss"]
[EventDate "2009.05.30"]

1. e4 c5 2. Nf3 d6 3. d4 cxd4 4. Nxd4 Nf6 5. Nc3 Bd7 6. Be2 Bc6 7. Nxc6 Nxc6 8.
O-O e6 9. Be3 Be7 10. f4 O-O 11. Bf3 Rc8 12. Qe2 a6 13. Rad1 Qc7 14. a4 Nd7 15.
Qf2 Rfd8 16. Nb1 Na5 17. Na3 Nc4 18. Nxc4 Qxc4 19. Rd2 Qxa4 20. b3 Qb4 21. Be2
Nf6 22. Rd4 Qc3 23. Bd3 Ng4 24. Qe2 Nxe3 25. Qxe3 d5 26. exd5 Qxd4 27. Qxd4 Bc5
28. Qxc5 Rxc5 29. dxe6 fxe6 30. Re1 Rd6 31. Kf2 Kf7 32. Kf3 a5 33. Re4 Rc3 34.
Ra4 b6 35. Ke3 Rdxd3+ 36. cxd3 Rxb3 37. Kd4 Rb2 38. f5 Rb4+ 39. Rxb4 axb4 40.
Kc4 exf5 41. Kxb4 Ke6 42. Kb5 Kd5 43. h4 g6 44. Kxb6 h6 45. g4 0-1

[Event "6. ODEM U25 2009"]
[Site "Willingen GER"]
[Date "2009.06.03"]
[Round "6"]
[White "Siebarth, Marco"]
[Black "Adelhütte, Dennis"]
[Result "1-0"]
[Termination "normal"]
[Board "2"]
[WhiteElo "2031"]
[BlackElo "1712"]
[PlyCount "77"]
[WhiteFideId "24604330"]
[BlackFideId "4661265"]
[EventCountry "GER"]
[EventRounds "9"]
[EventType "swiss"]
[EventDate "2009.05.30"]

1. f4 d5 2. Nf3 Nf6 3. b3 e6 4. Bb2 Be7 5. e3 c5 6. d3 O-O 7. Be2 Nc6 8. O-O
Ng4 9. Qd2 d4 10. Nxd4 cxd4 11. Bxg4 dxe3 12. Qxe3 Qc7 13. Qe2 Bc5+ 14. Kh1 f5
15. Bf3 Nd4 16. Qd2 Nxf3 17. Rxf3 b6 18. Rg3 Rf7 19. Be5 Bd6 20. Bxd6 Qxd6 21.
Qe3 Bb7 22. Nd2 Bd5 23. a3 Rc8 24. c4 Bb7 25. Kg1 Re7 26. Nf3 Bxf3 27. Rxf3 e5
28. fxe5 Rxe5 29. Qf4 Qf6 30. Raf1 g5 31. Rg3 h6 32. h4 Rce8 33. hxg5 hxg5 34.
Rxg5+ Kf7 35. Rxf5 Rxf5 36. Qxf5 Qxf5 37. Rxf5+ Kg6 38. Rf3 a5 39. d4 1-0

[Event "6. ODEM U25 2009"]
[Site "Willingen GER"]
[Date "2009.06.03"]
[Round "6"]
[White "Erben, Larissa"]
[Black "Wagner, Florian"]
[Result "0-1"]
[Termination "normal"]
[Board "3"]
[BlackTitle "FM"]
[WhiteElo "2040"]
[BlackElo "2302"]
[PlyCount "60"]
[WhiteFideId "24634590"]
[BlackFideId "4698118"]
[EventCountry "GER"]
[EventRounds "9"]
[EventType "swiss"]
[EventDate "2009.05.30"]

1. e4 c5 2. Nf3 Nc6 3. d4 cxd4 4. Nxd4 Nf6 5. Nc3 e5 6. Ndb5 d6 7. Bg5 a6 8.
Na3 b5 9. Bxf6 gxf6 10. Nd5 Bg7 11. c3 Ne7 12. Nxe7 Qxe7 13. Nc2 Qb7 14. Qd3
Be6 15. Ne3 O-O 16. Nd5 f5 17. Rd1 fxe4 18. Qxe4 Kh8 19. Nf6 Qxe4+ 20. Nxe4 d5
21. Ng5 e4 22. f3 exf3 23. Nxf3 b4 24. cxb4 Bxb2 25. Kf2 Rfb8 26. Bd3 Rxb4 27.
Ng5 h6 28. Nxe6 fxe6 29. Rhe1 Bd4+ 30. Kg3 Rg8+ 0-1

[Event "6. ODEM U25 2009"]
[Site "Willingen GER"]
[Date "2009.06.03"]
[Round "6"]
[White "Coenen, Michael"]
[Black "Klippel, Jan"]
[Result "1-0"]
[Termination "normal"]
[Board "4"]
[WhiteElo "2260"]
[BlackElo "2035"]
[PlyCount "123"]
[WhiteFideId "4697367"]
[BlackFideId "24642215"]
[EventCountry "GER"]
[EventRounds "9"]
[EventType "swiss"]
[EventDate "2009.05.30"]

1. e4 Nf6 2. e5 Nd5 3. c4 Nb6 4. c5 Nd5 5. Nc3 e6 6. d4 Nxc3 7. bxc3 b6 8. cxb6
cxb6 9. Be2 Qc7 10. Bf3 Bb7 11. Bxb7 Qxb7 12. Qg4 Nc6 13. Ne2 h5 14. Qg3 Ne7
15. O-O Nf5 16. Qd3 Be7 17. a4 d5 18. exd6 Nxd6 19. Bf4 Qe4 20. Qd1 Nc4 21. f3
Qd5 22. Rb1 Rd8 23. Re1 Qc6 24. Qd3 O-O 25. Rb5 Rd5 26. Rxd5 exd5 27. Ng3 Bh4
28. Nf5 Bd8 29. Be5 Re8 30. Re2 f6 31. Bg3 Rxe2 32. Qxe2 Kf7 33. Qc2 Qe6 34.
Bf2 Bc7 35. Nh4 Kg8 36. g3 Nd6 37. Qd3 f5 38. Be3 Bd8 39. Ng2 Nc4 40. Kf2 Bc7
41. Bf4 Bd8 42. Bb8 g6 43. Nf4 Qf7 44. Qb1 Bg5 45. Nd3 Qe8 46. Be5 Qxa4 47. g4
fxg4 48. Nb4 Be3+ 49. Kg3 Nxe5 50. Nxd5 Bxd4 51. f4 h4+ 52. Kxh4 Nf3+ 53. Kg3
Qd7 54. Qxg6+ Qg7 55. Qe8+ Qf8 56. Ne7+ Kg7 57. Qg6+ Kh8 58. Qh5+ Kg7 59. Nf5+
Kf6 60. cxd4 Qa3 61. Kxg4 Ne1 62. Qh4+ 1-0

[Event "6. ODEM U25 2009"]
[Site "Willingen GER"]
[Date "2009.06.03"]
[Round "6"]
[White "Wurm, Alexander"]
[Black "Kyas, Marcel"]
[Result "0-1"]
[Termination "normal"]
[Board "5"]
[WhiteElo "2055"]
[BlackElo "2106"]
[PlyCount "124"]
[WhiteFideId "24637246"]
[BlackFideId "24642037"]
[EventCountry "GER"]
[EventRounds "9"]
[EventType "swiss"]
[EventDate "2009.05.30"]

1. d4 d5 2. Nc3 c6 3. e4 dxe4 4. Nxe4 Bf5 5. Ng3 Bg6 6. Nf3 Nd7 7. Bc4 e6 8.
O-O Be7 9. Re1 Ngf6 10. c3 Qc7 11. Bg5 O-O 12. Nh4 Rad8 13. Nxg6 hxg6 14. Qe2
Rfe8 15. Rad1 Bd6 16. Bb3 Bf4 17. Bxf4 Qxf4 18. Qe3 Qc7 19. Ne4 Nxe4 20. Qxe4
Nf6 21. Qe5 Rd6 22. Rd3 Red8 23. Rh3 R6d7 24. Qxc7 Rxc7 25. Kf1 c5 26. dxc5
Rxc5 27. Rd1 Rxd1+ 28. Bxd1 Rd5 29. Ke1 Re5+ 30. Re3 Rxe3+ 31. fxe3 Kf8 32. Bf3
b6 33. Kd2 Ke7 34. c4 Kd6 35. b4 e5 36. Kd3 Nd7 37. Bd1 f5 38. h4 Nf8 39. g4
Nd7 40. h5 fxg4 41. hxg6 Nf6 42. Ke2 Ne4 43. Bb3 a5 44. c5+ bxc5 45. bxa5 Kc6
46. Bc2 Nc3+ 47. Kf2 Kb5 48. Kg3 Nd5 49. a6 Kxa6 50. Bd3+ Ka5 51. Kxg4 c4 52.
Bb1 Nxe3+ 53. Kf3 Nd5 54. Bc2 Nb4 55. Bb1 Ka4 56. Ke4 c3 57. Kxe5 c2 58. Bxc2+
Nxc2 59. Ke6 Ne3 60. Kf7 Nf5 61. Ke6 Ng3 62. Kf7 Nh5 0-1

[Event "6. ODEM U25 2009"]
[Site "Willingen GER"]
[Date "2009.06.03"]
[Round "6"]
[White "Tschlatscher, Thomas"]
[Black "Gölz, Daniel"]
[Result "1/2-1/2"]
[Termination "normal"]
[Board "6"]
[WhiteElo "1983"]
[BlackElo "2058"]
[PlyCount "102"]
[WhiteFideId "24635863"]
[BlackFideId "24626325"]
[EventCountry "GER"]
[EventRounds "9"]
[EventType "swiss"]
[EventDate "2009.05.30"]

1. Nf3 Nf6 2. d4 d6 3. c3 Bf5 4. e3 Nbd7 5. Bd3 Bxd3 6. Qxd3 e5 7. e4 Be7 8.
O-O O-O 9. h3 Re8 10. Bg5 exd4 11. cxd4 d5 12. e5 Ne4 13. Be3 f6 14. Nc3 Nxc3
15. bxc3 fxe5 16. Nxe5 Bd6 17. f4 Nf6 18. Rab1 Rb8 19. Rb3 c6 20. Rfb1 Qc7 21.
Qf5 b5 22. Kh2 Ne4 23. a4 g6 24. Qg4 Bxe5 25. dxe5 a6 26. axb5 axb5 27. Ra1 Qc8
28. Qh4 Rb7 29. Rba3 c5 30. Ra6 Nxc3 31. Ra8 Qxa8 32. Rxa8 Rxa8 33. Bxc5 b4 34.
Qf6 Re8 35. Qc6 Rbb8 36. Bxb4 Rbc8 37. Qd7 Rcd8 38. Qa7 d4 39. Bd6 Nb5 40. Qa2+
Kg7 41. Qd5 Nxd6 42. exd6 Rd7 43. Qxd4+ Kf7 44. g4 Red8 45. Qd5+ Kg7 46. h4
Rxd6 47. Qe5+ Kf7 48. h5 Rd5 49. Qc7+ R8d7 50. Qc4 gxh5 51. g5 h6 1/2-1/2

[Event "6. ODEM U25 2009"]
[Site "Willingen GER"]
[Date "2009.06.03"]
[Round "6"]
[White "Hinz, Arne"]
[Black "Schneider, Christian"]
[Result "1/2-1/2"]
[Termination "normal"]
[Board "7"]
[WhiteElo "1965"]
[BlackElo "2116"]
[PlyCount "89"]
[WhiteFideId "24634875"]
[BlackFideId "24613886"]
[EventCountry "GER"]
[EventRounds "9"]
[EventType "swiss"]
[EventDate "2009.05.30"]

1. e4 d5 2. exd5 Qxd5 3. Nc3 Qa5 4. Nf3 c6 5. Bc4 Nf6 6. h3 Bf5 7. O-O e6 8. d4
Nbd7 9. Bf4 Nd5 10. Nxd5 cxd5 11. Bd3 Bxd3 12. Qxd3 Be7 13. Rfe1 O-O 14. Ng5
Bxg5 15. Bxg5 Rac8 16. a4 Rc4 17. Bd2 Qb6 18. c3 Qb3 19. a5 a6 20. Reb1 Ra4 21.
Ra3 Qc4 22. Qxc4 Rxc4 23. Rb3 Rb8 24. Bf4 e5 25. Bxe5 Nxe5 26. dxe5 Ra4 27. Rd1
Rxa5 28. Rb6 Kf8 29. Rd6 Ke7 30. R6xd5 Rxd5 31. Rxd5 Ke6 32. Rc5 b6 33. Rc7 a5
34. f4 b5 35. Kf2 b4 36. c4 a4 37. Rc6+ Ke7 38. Rd6 a3 39. bxa3 bxa3 40. Ra6
Rb2+ 41. Kf3 a2 42. f5 Rc2 43. Ra7+ Ke8 44. g4 h6 45. Kg3 1/2-1/2

[Event "6. ODEM U25 2009"]
[Site "Willingen GER"]
[Date "2009.06.03"]
[Round "6"]
[White "Siebarth, Raiko"]
[Black "Yin, Zixiao"]
[Result "1-0"]
[Termination "normal"]
[Board "8"]
[WhiteElo "2246"]
[BlackElo "1932"]
[PlyCount "55"]
[WhiteFideId "4674766"]
[BlackFideId "24622729"]
[EventCountry "GER"]
[EventRounds "9"]
[EventType "swiss"]
[EventDate "2009.05.30"]

1. Nc3 d6 2. e4 Nf6 3. f4 c6 4. Nf3 g6 5. Bc4 Bg7 6. Bb3 Na6 7. e5 dxe5 8. fxe5
Nd5 9. Nxd5 cxd5 10. d4 O-O 11. O-O Nc7 12. Be3 b5 13. c3 a5 14. a3 Ba6 15. Rf2
Rb8 16. Qd2 Rb6 17. Bh6 Qd7 18. Re1 b4 19. axb4 axb4 20. Bc2 bxc3 21. bxc3 Nb5
22. Nh4 Na3 23. Bxg7 Kxg7 24. Bd1 Qc7 25. Rf3 Nb1 26. Qg5 Nxc3 27. Nf5+ Kh8 28.
Qh6 1-0

[Event "6. ODEM U25 2009"]
[Site "Willingen GER"]
[Date "2009.06.03"]
[Round "6"]
[White "Mantler, Hendrik"]
[Black "Ehlers, Michael"]
[Result "1-0"]
[Termination "normal"]
[Board "9"]
[WhiteElo "2164"]
[BlackElo "1993"]
[PlyCount "55"]
[WhiteFideId "4697790"]
[BlackFideId "4674537"]
[EventCountry "GER"]
[EventRounds "9"]
[EventType "swiss"]
[EventDate "2009.05.30"]

1. e4 c5 2. Nf3 d6 3. d4 cxd4 4. Nxd4 Nf6 5. Nc3 g6 6. Be3 Bg7 7. f3 O-O 8. Bc4
Nc6 9. Qd2 Bd7 10. h4 Ne5 11. Bb3 Qc7 12. O-O-O Nc4 13. Bxc4 Qxc4 14. h5 Nxh5
15. g4 Ng3 16. Rhg1 Nxe4 17. fxe4 b5 18. Bh6 b4 19. Nd5 Qxa2 20. Nxe7+ Kh8 21.
Bxg7+ Kxg7 22. Nb3 Ba4 23. Qd4+ f6 24. Kd2 Rf7 25. Ra1 Bxb3 26. Rxa2 Bxa2 27.
Nd5 Rc8 28. b3 1-0

[Event "6. ODEM U25 2009"]
[Site "Willingen GER"]
[Date "2009.06.03"]
[Round "6"]
[White "Sievers, Andy"]
[Black "Wild, Achim"]
[Result "1-0"]
[Termination "normal"]
[Board "10"]
[WhiteElo "1953"]
[BlackElo "1947"]
[PlyCount "117"]
[WhiteFideId "24607908"]
[BlackFideId "4658728"]
[EventCountry "GER"]
[EventRounds "9"]
[EventType "swiss"]
[EventDate "2009.05.30"]

1. e4 e5 2. Nf3 d6 3. d4 exd4 4. Qxd4 Nf6 5. Nc3 Be7 6. Bg5 O-O 7. O-O-O Nc6 8.
Qd2 Be6 9. h4 a6 10. Kb1 Nb4 11. Nd4 c5 12. Bxf6 Bxf6 13. Nxe6 fxe6 14. Bc4 d5
15. exd5 b5 16. Be2 Bxc3 17. Qxc3 Nxd5 18. Qe5 Qf6 19. Qxf6 gxf6 20. Bg4 f5 21.
Bf3 Rad8 22. Kc1 Kg7 23. a3 a5 24. Rd2 Rd6 25. Rhd1 Rfd8 26. Be2 b4 27. c4 bxc3
28. bxc3 R6d7 29. Bb5 Rb7 30. Bc6 Rb3 31. Bxd5 exd5 32. Rxd5 Rxc3+ 33. Kb2 Rxd5
34. Rxd5 Rc4 35. Rxf5 Kg6 36. Rg5+ Kf6 37. g3 h6 38. Rh5 Kg6 39. Rd5 a4 40. f3
Kf6 41. Rh5 Kg6 42. g4 Rf4 43. Rxc5 Rxf3 44. Rc4 Rb3+ 45. Ka2 h5 46. Rxa4 Rg3
47. Ra6+ Kg7 48. gxh5 Rh3 49. h6+ Kh7 50. a4 Rxh4 51. a5 Rb4 52. Ka3 Rb1 53.
Rb6 Ra1+ 54. Kb4 Rb1+ 55. Kc5 Rc1+ 56. Kb5 Ra1 57. Ka6 Ra2 58. Rc6 Ra1 59. Kb6
1-0

[Event "6. ODEM U25 2009"]
[Site "Willingen GER"]
[Date "2009.06.03"]
[Round "6"]
[White "Eidner, Falk"]
[Black "Weißbeck, Simon"]
[Result "0-1"]
[Termination "normal"]
[Board "11"]
[WhiteElo "2006"]
[BlackElo "1959"]
[PlyCount "68"]
[WhiteFideId "24634557"]
[BlackFideId "24646865"]
[EventCountry "GER"]
[EventRounds "9"]
[EventType "swiss"]
[EventDate "2009.05.30"]

1. e4 e6 2. d4 d5 3. Nc3 Nf6 4. e5 Nfd7 5. Nce2 c5 6. c3 Nc6 7. f4 a6 8. Nf3 b5
9. a3 Nb6 10. g4 h5 11. gxh5 cxd4 12. cxd4 Rxh5 13. Ng3 Rh8 14. Bd3 Nc4 15. O-O
Qb6 16. Bc2 Bd7 17. b3 N4a5 18. Kg2 Be7 19. f5 O-O-O 20. fxe6 Bxe6 21. Bf5 Kb8
22. Bxe6 fxe6 23. Ne2 g5 24. Kh1 Rdg8 25. Qd3 g4 26. Ne1 Rh3 27. Ng3 Rgh8 28.
Ra2 Qxd4 29. Qxd4 Nxd4 30. b4 Nc4 31. Bf4 Bh4 32. Kg1 Bxg3 33. Bxg3 Nf5 34. Ng2
Nxg3 0-1

[Event "6. ODEM U25 2009"]
[Site "Willingen GER"]
[Date "2009.06.03"]
[Round "6"]
[White "Seidler, Lukas"]
[Black "Kabitzke, Julian"]
[Result "1/2-1/2"]
[Termination "normal"]
[Board "12"]
[WhiteElo "1805"]
[BlackElo "1823"]
[PlyCount "85"]
[WhiteFideId "12900095"]
[BlackFideId "24669547"]
[EventCountry "GER"]
[EventRounds "9"]
[EventType "swiss"]
[EventDate "2009.05.30"]

1. e4 c5 2. Nf3 d6 3. d4 cxd4 4. Nxd4 Nf6 5. Nc3 a6 6. Be2 e6 7. O-O Be7 8. f4
Qc7 9. Bf3 O-O 10. g4 Nc6 11. Kh1 Nxd4 12. Qxd4 Nd7 13. g5 b5 14. f5 Bb7 15.
Bg4 Ne5 16. Bh3 exf5 17. Bxf5 Qc4 18. Qxc4 Nxc4 19. b3 Ne5 20. Nd5 Bxd5 21.
exd5 g6 22. Bh3 f5 23. gxf6 Bxf6 24. Be6+ Kg7 25. Ba3 Nf7 26. Rad1 Be5 27. c4
bxc4 28. bxc4 Ng5 29. c5 Ne4 30. cxd6 Nf2+ 31. Kg2 Nxd1 32. Rxd1 Rf4 33. d7 Bf6
34. Bd6 Re4 35. a3 a5 36. Rb1 Ra6 37. Rb7 Kh6 38. Bf8+ Kh5 39. d8=Q Bxd8 40.
Rxh7+ Kg5 41. Bh6+ Kf6 42. Bg7+ Kg5 43. Bh6+ 1/2-1/2

[Event "6. ODEM U25 2009"]
[Site "Willingen GER"]
[Date "2009.06.03"]
[Round "6"]
[White "Windjäger, Gerd"]
[Black "Müller, Jan-Hendrik"]
[Result "1/2-1/2"]
[Termination "normal"]
[Board "13"]
[WhiteElo "1782"]
[BlackElo "2090"]
[PlyCount "105"]
[BlackFideId "24615048"]
[EventCountry "GER"]
[EventRounds "9"]
[EventType "swiss"]
[EventDate "2009.05.30"]

1. d4 Nf6 2. Nf3 e6 3. e3 b6 4. Bd3 Bb7 5. Nbd2 Be7 6. O-O c5 7. Qe2 d6 8. c3
Nbd7 9. e4 a6 10. a4 Nf8 11. e5 N6d7 12. Nc4 d5 13. Ncd2 Qc7 14. Re1 c4 15. Bc2
f6 16. Nf1 f5 17. Bg5 Qd8 18. Bxe7 Qxe7 19. Qe3 h6 20. N3d2 g5 21. g3 Rg8 22.
Qe2 g4 23. f4 gxf3 24. Nxf3 O-O-O 25. Kh1 Ng6 26. Ne3 h5 27. Ng2 Rdf8 28. Rg1
Rh8 29. Nfh4 Rfg8 30. Nxg6 Rxg6 31. Raf1 Bc6 32. Nh4 Rg5 33. Rf2 Rf8 34. Rf4
Qg7 35. Kg2 Rg4 36. Kf1 Qg5 37. Qf2 Rg8 38. Bd1 Rxf4 39. gxf4 Qxg1+ 40. Qxg1
Rxg1+ 41. Kxg1 Nf8 42. Kf2 Kd8 43. Kg3 Be8 44. Ng2 Ke7 45. Kh4 Nh7 46. Ne3 Kf8
47. Nf1 Kg7 48. Ng3 Kh6 49. Nxh5 Nf8 50. Nf6 Bc6 51. h3 Ng6+ 52. Kg3 Ne7 53.
Kh4 1/2-1/2

[Event "6. ODEM U25 2009"]
[Site "Willingen GER"]
[Date "2009.06.03"]
[Round "6"]
[White "Stark, Timo"]
[Black "Nehls, Benedikt"]
[Result "0-1"]
[Termination "normal"]
[Board "14"]
[WhiteElo "1821"]
[BlackElo "1836"]
[PlyCount "146"]
[WhiteFideId "4670183"]
[BlackFideId "24656771"]
[EventCountry "GER"]
[EventRounds "9"]
[EventType "swiss"]
[EventDate "2009.05.30"]

1. g3 Nf6 2. Bg2 g6 3. f4 d6 4. Nf3 Bg7 5. c3 O-O 6. d3 c5 7. e4 Nc6 8. Be3 Rb8
9. O-O Bd7 10. Qe2 b5 11. Nbd2 Ng4 12. Nb3 Nxe3 13. Qxe3 a5 14. e5 a4 15. Nbd2
b4 16. Rab1 a3 17. bxa3 bxc3 18. Nb3 dxe5 19. Nxe5 Nxe5 20. fxe5 Be6 21. Nxc5
Rxb1 22. Rxb1 Bxa2 23. Rc1 Qa5 24. d4 Qxa3 25. Rxc3 Qb4 26. Rc1 Rd8 27. Rd1 e6
28. Bf3 Bd5 29. Kf2 Bxf3 30. Kxf3 Rd5 31. Rd3 Qb1 32. Rd2 h5 33. Qf2 Bxe5 34.
dxe5 Qf5+ 35. Kg2 Qxf2+ 36. Rxf2 Rxc5 37. Re2 Rc3 38. h3 Kg7 39. Kf2 Kh6 40.
Re4 g5 41. Kg2 Kg6 42. Kf2 Kf5 43. Re2 g4 44. Kg2 Rc5 45. hxg4+ hxg4 46. Rf2+
Kxe5 47. Rxf7 Rc2+ 48. Kg1 Kd5 49. Rg7 Rc4 50. Kf2 e5 51. Rg6 Re4 52. Rg8 Kc4
53. Rd8 Rd4 54. Re8 Kd5 55. Ke3 Ra4 56. Rd8+ Ke6 57. Re8+ Kf6 58. Rf8+ Ke7 59.
Rf5 Ke6 60. Rf8 Ra3+ 61. Kf2 Rb3 62. Rg8 Kf5 63. Rg7 Rf3+ 64. Kg2 e4 65. Rg8
Rd3 66. Rf8+ Ke5 67. Rf4 Rd2+ 68. Kf1 Kd4 69. Rxg4 Ke3 70. Rg8 Rf2+ 71. Ke1 Rh2
72. Kf1 Kf3 73. Re8 Rh1# 0-1

[Event "6. ODEM U25 2009"]
[Site "Willingen GER"]
[Date "2009.06.03"]
[Round "6"]
[White "Müller, Denis"]
[Black "Paulus, Jeffrey"]
[Result "1-0"]
[Termination "normal"]
[Board "15"]
[WhiteElo "1934"]
[BlackElo "1917"]
[PlyCount "123"]
[WhiteFideId "4696140"]
[BlackFideId "24692468"]
[EventCountry "GER"]
[EventRounds "9"]
[EventType "swiss"]
[EventDate "2009.05.30"]

1. e4 e5 2. Nf3 Nc6 3. Bb5 a6 4. Ba4 Nf6 5. O-O Be7 6. Re1 b5 7. Bb3 O-O 8. c3
Bb7 9. d4 d6 10. Nbd2 Na5 11. Bc2 c5 12. d5 Re8 13. a4 Qc7 14. Nf1 Bf8 15. Qe2
b4 16. Ne3 g6 17. Nd2 Reb8 18. cxb4 cxb4 19. Nec4 Nxc4 20. Nxc4 a5 21. Bd3 Nd7
22. Be3 Nc5 23. Rac1 Ba6 24. Nxe5 dxe5 25. Bxa6 Rxa6 26. Bxc5 Qb7 27. Bxf8 Rxf8
28. Rc5 b3 29. Rec1 Rfa8 30. Qc4 Qb4 31. h3 Rb6 32. Qxb4 Rxb4 33. R1c4 Rab8 34.
Kf1 Kf8 35. Ke2 Ke7 36. Kd3 Rxc4 37. Rxc4 f5 38. f3 Kf6 39. h4 h6 40. Rc6+ Kg7
41. Ra6 Rc8 42. Rc6 Rb8 43. Rc5 Rb4 44. Rxa5 Rd4+ 45. Ke3 f4+ 46. Ke2 Rc4 47.
Rb5 Rc2+ 48. Kd3 Rxb2 49. Kc3 Rxg2 50. Rxb3 g5 51. Rb7+ Kg6 52. h5+ Kxh5 53. d6
Rg1 54. Kc2 Rg2+ 55. Kd3 Rg1 56. Rb2 Ra1 57. d7 Rxa4 58. d8=Q Kh4 59. Qc8 Rd4+
60. Kc3 h5 61. Rh2+ Kg3 62. Qh3# 1-0